| 000 | 00796nam a2200229Ii 4500 | ||
|---|---|---|---|
| 003 | JO-AjNU | ||
| 008 | 230605s9999||||xx |||||||||||||| ||und|| | ||
| 017 | _a2011/7/2689 | ||
| 020 | _a978-9957-70-529-9 | ||
| 040 |
_aJO-AjNU _bara _erda _cJO-AjNU |
||
| 041 | _aara | ||
| 050 | 1 | 4 | _aPJ6199 2012 |
| 100 | 3 |
_aبسناسي، سعاد, _eauthor _943349 |
|
| 245 | 0 | 0 | _aالتحولات الصوتية والدلالية في المباني الإفرادية |
| 250 | _aط1 | ||
| 264 | 3 | 1 | _aاربد: عالم الكتب، 2012 |
| 300 | _a232ص | ||
| 336 |
_atext _btxt _2rdacontent |
||
| 337 |
_aunmediated _bn _2rdamedia |
||
| 338 |
_avolume _bnc _2rdacarrier |
||
| 650 | 4 |
_aالتحولات الصوتية والدلالية في المباني الافرادية-الصوتيات _943350 |
|
| 999 |
_aA18630 _c22198 _d22198 |
||